000 01087cam a2200217 4500
001 ABS65622
008 020702n2002 000 0 eng u
035 _a(Sirsi) u118657
245 _aVirtual realty
260 _c2002
490 _aProperty Week
_v67(22) 8 June 2002, 50-54(4)
520 _aDiscusses the changes in the property industry brought about by internet and email. 'Internet pooling' has now become commonplace whereby property professionals make information available collectively for the benefit of others. Newer technology is also about to appear on the scene with wireless communications making palmtops usable when linked with third-generation mobile phones. More mobile technology will become practical, with communal 'drop in' offices built around the finges of cities and fitted out with mobile computers.
590 _aABS
650 _aPROPERTY INDUSTRY
650 _aNEW TECHNOLOGY
650 _aINTERNET
650 _aWIRELESS TECHNOLOGY
650 _aMOBILE WORKING
690 _aMANAGEMENT-BUSINESS MANAGEMENT-INFORMATION MANAGEMENT
942 _n0
999 _c70663
_d70663